| 000 | 00713nam a2200265Ia 4500 | ||
|---|---|---|---|
| 003 | OSt | ||
| 005 | 20220918164737.0 | ||
| 006 | a|||||r|||| 00| 0 | ||
| 007 | ta | ||
| 008 | 220917b |||||||| |||| 00| 0 eng d | ||
| 020 | _a0745601189 (pbk) | ||
| 024 | _a10,565 | ||
| 037 | _cTextual | ||
| 040 |
_aARTS _cARTS _beng |
||
| 041 |
_2eng _aeng |
||
| 082 | _aYxM640bW, L4;1 | ||
| 100 |
_aBeetham David _916240 |
||
| 245 | 0 | _aMaxweber and the theory of modern politics | |
| 260 |
_aCambridge _bPolity Press _c1974 |
||
| 300 |
_ax,286p _ccm. |
||
| 500 | _aBibliography 280-286p | ||
| 650 | _aSOCIOLOGY | ||
| 942 |
_hYxM640bW, L4;1 _cTEXL _2CC |
||
| 999 |
_c126304 _d126304 |
||